Statistics for Eliza, Elizabeth, Betsy and Bess

Click here to take the quiz!

General Stats

  • This quiz has been taken 35 times
  • The average score is 7 of 16

Answer Stats

Answer% Correct
Betty Boop
94%
Elizabeth Taylor
88%
Eliza Taylor
88%
Betty White
79%
Bette Davis
74%
Liz Hurley
71%
Elisabeth Moss
44%
Elizabeth Warren
44%
Elizabeth Montgomery
32%
Lizzie Borden
29%
Betty Buckley
12%
Elizabeth McGovern
12%
Bessie Smith
9%
Elizabeth Arden
9%
Bess Armstrong
6%
Dame Elisabeth Murdoch
0%

Score Distribution

Percentile by Number Answered

Percent of People with Each Score

Your Score History

You have not taken this quiz